دراسة وتحقيق من أول مباحث الأخبار إلى نهاية مباحث الأمر والنهي من مخطوط "مجمع الدرر في شرح المختصر" لابن الحاجب المتوفى سنة 646هـ /
Saved in:
| Main Author: | |
|---|---|
| Other Authors: | |
| Format: | Thesis |
| Language: | Arabic |
| Published: |
al-Qahirah :
Jami'at al-Azhar,
2007
|
| Subjects: | |
| Tags: |
Add Tag
No Tags, Be the first to tag this record!
|
| LEADER | 019150000a22002890004500 | ||
|---|---|---|---|
| 008 | 130617t2007 ua g 000 0 ara d | ||
| 040 | |a UIAM |b eng | ||
| 041 | |a ara | ||
| 050 | 4 | |a BP145.I132M3 | |
| 100 | 1 | |a مزين، عبد الناصر أحمد عبد الواحد | |
| 242 | 1 | 0 | |a Dirasah wa-tahqiq min awwal mabahith al-akhbar ila nihayat mabahith al-amr wa-al-nahyi min makhtut "Majma' al-durar fi sharh al-Mukhtasar" li-Ibn al-Hajib al-mutawaffa sanah 646H |
| 245 | 1 | 0 | |a دراسة وتحقيق من أول مباحث الأخبار إلى نهاية مباحث الأمر والنهي من مخطوط "مجمع الدرر في شرح المختصر" لابن الحاجب المتوفى سنة 646هـ / |c تأليف، محمد بن أسعد اليمني التستري ؛ إعداد، عبد الناصر أحمد عبد الواحد المزين ؛ إشراف، محمد محمد عبد اللطيف جمال الدين، محمد المصيلحي عبد الرزاق |
| 260 | |a al-Qahirah : |b Jami'at al-Azhar, |c 2007 | ||
| 300 | |a 357 p. ; |c 30 cm. | ||
| 500 | |a "Li-nayl darajat al-takhassus (al-majistir) fi usul al-fiqh"--On t.p. | ||
| 502 | |a Thesis (MA)--Jami'at al-Azhar, 2007 | ||
| 504 | |a Includes bibliographical references (p. 340-353). | ||
| 596 | |a 1 | ||
| 600 | 1 | |a Tustari, Muhammad ibn As'ad, |d d. 1331. |t Majma' al-durar fi sharh al-Mukhtasar | |
| 600 | |a Ibn al-Hajib, 'Uthman ibn 'Umar, |d 1175-1249. |t Mukhtasar al-Muntaha | ||
| 650 | 0 | |a Islamic law |x Interpretation and construction | |
| 655 | |a Theses, Facsimile edition (Islamic) | ||
| 700 | 1 | |a Mazin, 'Abd al-Nasir Ahmad 'Abd al-Wahid | |
| 710 | 2 | |a Jami'at al-Azhar. |b Kulliyat al-Shari'ah wa-al-Qanun | |
| 900 | |a nan-lfr | ||
| 999 | |c 435276 |d 464694 | ||
| 952 | |0 0 |6 TI BP 000145 I132M3 T9653 M476 2007 |7 0 |8 THESES |9 755942 |a IIUM |b IIUM |c MULTIMEDIA |g 460.00 |o ti BP 145 I132M3 T9653 M476 2007 |p 00011276227 |r 2017-10-23 |t 1 |v 460.00 |y THESIS | ||
